LEADER 00947nam0-22003131i-450- 001 990006810190403321 005 20001010 035 $a000681019 035 $aFED01000681019 035 $a(Aleph)000681019FED01 035 $a000681019 100 $a20001010d--------km-y0itay50------ba 101 0 $aita 105 $ay-------001yy 200 1 $a<>UOMO del banco dei pegni$e"Lombardi" e mercato del denaro nell'Europa Medievale$eantologia di storia medievale$fA cura diRenato Bordone. 210 $aTorino$cScriptorium$d1994. 215 $a174 p.$d24 cm 225 1 $a<>florilegi$v3 610 0 $aBanchieri lombardi - Europa - Sec. 13-14 676 $a332.1094 702 1$aBordone,$bRenato$f<1948-2011> 801 0$aIT$bUNINA$gRICA$2UNIMARC 901 $aBK 912 $a990006810190403321 952 $aXIV O 211$b24297$fFSPBC 959 $aFSPBC 996 $aUOMO del banco dei pegni$9633369 997 $aUNINA DB $aGEN01 LEADER 01131nam0-22003731i-450- 001 990008117900403321 005 20091111114409.0 010 $a88-458-0866-1 035 $a000811790 035 $aFED01000811790 035 $a(Aleph)000811790FED01 035 $a000811790 100 $a20050524d2005----km-y0itay50------ba 101 0 $aita 102 $aIT 105 $a--------001yy 200 1 $a<> bilanci consuntivi delle regioni e delle province autonome$eanno 2001$fIstituto Nazionale di Statistica$ga cura di Claudia Tinelli 210 $aRoma$cIstat$dİ2005 215 $a21 p.$d29 cm$e1 cd rom 225 1 $aInformazioni$fIstat$iSettore pubblica amministrazione$v4 610 0 $aStatistiche finanziarie 610 0 $aItalia$a2001 676 $a352.01 702 1$aTinelli,$bClaudia 710 02$aIstat$0374421 801 0$aIT$bUNINA$gRICA$2UNIMARC 901 $aBK 912 $a990008117900403321 952 $aCDI-I-04-05-2$b10170$fMAS 952 $a31(05)$fDAGEA 959 $aMAS 959 $aDAGEA 996 $aBilanci consuntivi delle regioni e delle province autonome$9509117 997 $aUNINA